Cocina en familia

Saved in:
Bibliografiske detaljer
Hovedforfatter: Mühlenbrock, Carlo von (autor)
Format: Bog
Sprog:spansk
Udgivet: Santiago Zig-Zag 2014
Santiago Carlo Cocina 2014
Udgivelse:1a. ed
Fag:
Tags: Tilføj Tag
Ingen Tags, Vær først til at tagge denne postø!

MARC

LEADER 00000cam a2200000 a 4500
001 UCD6283
003 CL-VaPUC
008 161124e20141000cl |||||||||||||||||spa|d
020 |a 9789561227606 
082 0 4 |a 641.4  |b MUH  |2 21 
100 |a Mühlenbrock, Carlo von  |e autor  |9 590060 
245 1 0 |a Cocina en familia 
250 |a 1a. ed 
300 |a 175 p 
942 |c BK 
945 |d 20161124 22:47:00  |a arojas 
260 |a Santiago  |b Zig-Zag  |c 2014 
260 |a Santiago  |b Carlo Cocina  |c 2014 
650 0 |a Recetas de cocina  |9 334345 
650 0 |a Gastronomía  |9 324668 
650 0 |a Arte culinario   |9 394544 
650 0 |a Cocina chilena  |9 559229 
583 |a last modification  |c 20161124 22:47:00  |k Rodrigo Vera 
999 |c 366640  |d 366638